000 00524nam a2200181Ia 4500
005 20250508154657.0
008 008 250505s9999 xx 000 0 eng d
037 _aTextual
040 _aFEDL
_beng
_cFEDL
041 _aeng
_2eng
084 _a379, CER
_qFEDL
100 _aCerych Ladislav
_9140046
245 0 _aProblems of aid to education in developing countries
260 _aNew York, USA
_bFrederick A Praeger
_c1965
300 _axiii,213p.
942 _cTEXL
_h379, CER
999 _c1351546
_d1351546